[Event "SLO-chT2 Ost"]
[Site "Maribor"]
[Date "2009.10.10"]
[Round "7"]
[White "Harnik, Ivan"]
[Black "Zajsek, Franc"]
[Result "0-1"]
[WhiteElo "1938"]
[BlackElo "1846"]
[PlyCount "54"]
[EventDate "2009.05.30"]
[EventType "team-tourn"]
[EventRounds "9"]
[EventCountry "SLO"]
[SourceTitle "EXT 2022"]
[Source "ChessBase"]
[SourceDate "2021.10.06"]
[SourceVersion "1"]
[SourceVersionDate "2021.10.06"]
[SourceQuality "1"]

1. d4 d5 2. c4 e6 3. Nc3 c6 4. Nf3 Bb4 5. Bf4 Nf6 6. e3 Qa5 7. Qc2 Ne4 8. Rc1 Qxa2 9. Bd3 Bxc3+ 10. bxc3 Qxc2 11. Rxc2 f6 12. 0-0 Nd7 13. cxd5 exd5 14. c4 0-0 15. Ra1 Rf7 16. Ne1 g5 17. Bxe4 dxe4 18. Bd6 b6 19. Rca2 a6 20. Nc2 Bb7 21. Rb2 b5 22. cxb5 axb5 23. Rxa8+ Bxa8 24. Nb4 Nb6 25. Ra2 Bb7 26. Kf1 Rd7 27. Ra7 Nc8 0-1

[Event "SLO-chT2 Ost"]
[Site "Maribor"]
[Date "2009.10.10"]
[Round "8"]
[White "Mihevc Mohr, Narcisa"]
[Black "Harnik, Ivan"]
[Result "1/2-1/2"]
[WhiteElo "2137"]
[BlackElo "1938"]
[PlyCount "72"]
[EventDate "2009.05.30"]
[EventType "team-tourn"]
[EventRounds "9"]
[EventCountry "SLO"]
[SourceTitle "EXT 2022"]
[Source "ChessBase"]
[SourceDate "2021.10.06"]
[SourceVersion "1"]
[SourceVersionDate "2021.10.06"]
[SourceQuality "1"]

1. e4 c5 2. Nf3 Nc6 3. d4 cxd4 4. Nxd4 e5 5. Nb5 d6 6. N1c3 a6 7. Na3 Nf6 8. Bg5 Be7 9. Bxf6 Bxf6 10. Nd5 Be6 11. Nc4 Bxd5 12. Qxd5 Be7 13. c3 Qc7 14. Rd1 Rd8 15. Ne3 0-0 16. Be2 Kh8 17. 0-0 Bg5 18. Nc4 Be7 19. a4 f5 20. exf5 Rxf5 21. Ne3 Rff8 22. Bd3 g6 23. Qb3 Bg5 24. Be4 Bxe3 25. fxe3 Na5 26. Qe6 Nc4 27. Rxf8+ Rxf8 28. Rf1 Rxf1+ 29. Kxf1 Nxe3+ 30. Ke2 Qc4+ 31. Qxc4 Nxc4 32. b4 Nb6 33. Bxb7 Nxa4 34. Kd2 Nb6 35. Bxa6 d5 36. Bd3 Kg7 1/2-1/2

[Event "SLO-chT2 East"]
[Site "Brezice Maribor"]
[Date "2008.10.18"]
[Round "8"]
[White "Gruden, Marjan"]
[Black "Harnik, Ivan"]
[Result "1-0"]
[WhiteElo "1981"]
[BlackElo "1943"]
[PlyCount "87"]
[EventDate "2008.10.24"]
[EventType "team-tourn"]
[EventRounds "9"]
[EventCountry "SLO"]
[SourceTitle "EXT 2010"]
[Source "ChessBase"]
[SourceDate "2010.11.25"]
[SourceVersion "1"]
[SourceVersionDate "2010.11.25"]
[SourceQuality "1"]

1. e4 c5 2. Nf3 Nc6 3. d4 cxd4 4. Nxd4 e5 5. Nxc6 bxc6 6. Bc4 Nf6 7. Bg5 Be7 8. Bxf6 Bxf6 9. 0-0 0-0 10. Qd6 Qb6 11. Bb3 Ba6 12. Rd1 Rad8 13. Nc3 c5 14. Na4 Qxd6 15. Rxd6 Bb5 16. c4 Bc6 17. f3 Be7 18. Rd3 f5 19. Nc3 fxe4 20. fxe4 Rf4 21. g3 Rf7 22. Rf1 Rdf8 23. Rxf7 Rxf7 24. Ba4 Bxa4 25. Nxa4 d6 26. Kg2 g5 27. Rf3 g4 28. Ra3 h5 29. Nc3 Bd8 30. Ra6 Bb6 31. Nb5 Rf6 32. Ra3 Rf7 33. Rd3 a6 34. Nxd6 Rd7 35. Rd5 Kf8 36. Nf5 Rxd5 37. exd5 Kf7 38. Kf2 Kf6 39. Nd6 Kg5 40. Ke3 h4 41. Ke4 hxg3 42. hxg3 Kf6 43. Nf5 Ba5 44. Ne3 1-0

[Event "SLO-chT2 East"]
[Site "Brezice Maribor"]
[Date "2008.06.07"]
[Round "3"]
[White "Harnik, Ivan"]
[Black "Vohl, Gregor"]
[Result "1/2-1/2"]
[WhiteElo "1943"]
[BlackElo "1706"]
[PlyCount "37"]
[EventDate "2008.10.24"]
[EventType "team-tourn"]
[EventRounds "9"]
[EventCountry "SLO"]
[SourceTitle "EXT 2010"]
[Source "ChessBase"]
[SourceDate "2010.11.25"]
[SourceVersion "1"]
[SourceVersionDate "2010.11.25"]
[SourceQuality "1"]

1. e4 e5 2. Nf3 Nc6 3. d4 exd4 4. Nxd4 Nxd4 5. Qxd4 Qf6 6. e5 Qg6 7. Qd3 d6 8. Qxg6 hxg6 9. Bf4 Bf5 10. exd6 0-0-0 11. Nc3 Bxd6 12. Bxd6 Rxd6 13. Bc4 Be6 14. Bd3 Bf5 15. Bxf5+ gxf5 16. Rd1 Re6+ 17. Kd2 Nf6 18. f3 a6 19. Rde1 1/2-1/2

[Event "SLO-chT2 East"]
[Site "Brezice Maribor"]
[Date "2007.09.08"]
[Round "6"]
[White "Bitenc, Ivan"]
[Black "Harnik, Ivan"]
[Result "1/2-1/2"]
[WhiteElo "1870"]
[BlackElo "1948"]
[PlyCount "24"]
[EventDate "2007.05.26"]
[EventType "team-tourn"]
[EventRounds "9"]
[EventCountry "SLO"]
[SourceTitle "EXT 2010"]
[Source "ChessBase"]
[SourceDate "2010.11.25"]
[SourceVersion "1"]
[SourceVersionDate "2010.11.25"]
[SourceQuality "1"]

1. c4 e5 2. Nc3 Nf6 3. d3 d5 4. cxd5 Nxd5 5. e4 Nxc3 6. bxc3 Bc5 7. Nf3 Nc6 8. Be2 0-0 9. 0-0 Bb6 10. Bb2 Bg4 11. Qc2 Qf6 12. Rad1 Rad8 1/2-1/2

[Event "SLO-chT2 East"]
[Site "Brezice Maribor"]
[Date "2007.09.08"]
[Round "5"]
[White "Harnik, Ivan"]
[Black "Zlender, Boris"]
[Result "1-0"]
[WhiteElo "1948"]
[BlackElo "1959"]
[PlyCount "61"]
[EventDate "2007.05.26"]
[EventType "team-tourn"]
[EventRounds "9"]
[EventCountry "SLO"]
[SourceTitle "EXT 2010"]
[Source "ChessBase"]
[SourceDate "2010.11.25"]
[SourceVersion "1"]
[SourceVersionDate "2010.11.25"]
[SourceQuality "1"]

1. e4 c5 2. Nf3 a6 3. c3 d5 4. exd5 Qxd5 5. d4 e6 6. Be2 Nf6 7. 0-0 Nc6 8. Be3 cxd4 9. Nxd4 Nxd4 10. Bxd4 Qd8 11. Bf3 Bd6 12. Re1 0-0 13. Bxf6 gxf6 14. Re4 Qe7 15. Rh4 f5 16. Rh5 Be5 17. Qc1 Bg7 18. Na3 Rb8 19. Qe3 Qc7 20. Qg5 Bd7 21. Rd1 Bc6 22. Rd4 Bxf3 23. gxf3 f6 24. Qe3 Qf7 25. Rdh4 Rfd8 26. Nc2 Rd1+ 27. Ne1 e5 28. Kf1 Qxa2 29. Qe2 Rdd8 30. Kg2 Qd5 31. Rxf5 1-0

[Event "SLO-chT2 East"]
[Site "Brezice Maribor"]
[Date "2007.06.09"]
[Round "3"]
[White "Harnik, Ivan"]
[Black "Klampfer, Matjaz"]
[Result "1-0"]
[WhiteElo "1948"]
[BlackElo "1707"]
[PlyCount "61"]
[EventDate "2007.05.26"]
[EventType "team-tourn"]
[EventRounds "9"]
[EventCountry "SLO"]
[SourceTitle "EXT 2010"]
[Source "ChessBase"]
[SourceDate "2010.11.25"]
[SourceVersion "1"]
[SourceVersionDate "2010.11.25"]
[SourceQuality "1"]

1. e4 e5 2. Nf3 Nc6 3. Bb5 a6 4. Ba4 b5 5. Bb3 Nf6 6. Ng5 d5 7. exd5 Na5 8. Nc3 Nxb3 9. axb3 Nxd5 10. Qf3 Be6 11. Nxe6 fxe6 12. Qh5+ g6 13. Qxe5 Qf6 14. Qxf6 Nxf6 15. Nxb5 Kd7 16. 0-0 Bc5 17. Nc3 Rhf8 18. h3 Rf7 19. d3 Nd5 20. Nxd5 exd5 21. Be3 d4 22. Bd2 Bd6 23. Ra4 c5 24. b4 Kc6 25. bxc5 Bxc5 26. Re1 Rf6 27. Rc4 Kd5 28. b4 Ba7 29. Re7 h5 30. Rd7+ Ke6 31. Rc6+ 1-0

[Event "SLO-chT2 East"]
[Site "Brezice Maribor"]
[Date "2007.05.26"]
[Round "1"]
[White "Harnik, Ivan"]
[Black "Sahinovic, Fikret"]
[Result "1/2-1/2"]
[WhiteElo "1948"]
[BlackElo "1814"]
[PlyCount "43"]
[EventDate "2007.05.26"]
[EventType "team-tourn"]
[EventRounds "9"]
[EventCountry "SLO"]
[SourceTitle "EXT 2010"]
[Source "ChessBase"]
[SourceDate "2010.11.25"]
[SourceVersion "1"]
[SourceVersionDate "2010.11.25"]
[SourceQuality "1"]

1. e4 e5 2. Nf3 Nc6 3. Bc4 Nf6 4. Nc3 Bc5 5. d3 0-0 6. Bg5 Be7 7. h3 d6 8. a3 a6 9. Qd2 Be6 10. Bxf6 Bxf6 11. Nd5 Re8 12. c3 Na5 13. Ba2 Bxd5 14. Bxd5 c6 15. Ba2 b5 16. 0-0 Nb7 17. d4 Qc7 18. dxe5 dxe5 19. Rad1 Rad8 20. Qe2 Qe7 21. Nh2 Nc5 22. Ng4 1/2-1/2

[Event "SLO-chT2 East"]
[Site "Velenje"]
[Date "2006.10.22"]
[Round "9"]
[White "Mazej, Jernej"]
[Black "Harnik, Ivan"]
[Result "0-1"]
[WhiteElo "2060"]
[BlackElo "1938"]
[PlyCount "84"]
[EventDate "2006.05.21"]
[EventType "team"]
[EventRounds "9"]
[EventCountry "SLO"]
[SourceTitle "EXT 2008"]
[Source "ChessBase"]
[SourceDate "2007.11.25"]
[SourceVersion "1"]
[SourceVersionDate "2007.11.25"]
[SourceQuality "1"]

1. d4 Nf6 2. Nf3 g6 3. Bf4 Bg7 4. e3 d6 5. h3 0-0 6. Bc4 Nbd7 7. 0-0 b6 8. Nbd2 Bb7 9. c3 c5 10. Re1 d5 11. Bd3 Rc8 12. a4 Re8 13. Ne5 Nxe5 14. Bxe5 Nd7 15. Bxg7 Kxg7 16. f4 f6 17. e4 e5 18. exd5 cxd4 19. c4 Nc5 20. Bb1 a5 21. Nf3 Qd6 22. fxe5 fxe5 23. b3 d3 24. Ra2 e4 25. Nh2 Rf8 26. Ng4 Rc7 27. Qd2 h5 28. Qh6+ Kg8 29. Ne3 Rh7 30. Qg5 Qf6 31. Qg3 h4 32. Qg4 Bc8 33. Qd1 Rhf7 34. Rf1 Qd4 35. Rxf7 Qxe3+ 36. Rff2 Qd4 37. Kf1 Rxf2+ 38. Rxf2 e3 39. Bxd3 exf2 40. Bc2 Qxd1+ 41. Bxd1 Nd3 42. Be2 Bf5 0-1

[Event "SLO-chT2 East"]
[Site "Velenje"]
[Date "2006.10.03"]
[Round "7"]
[White "Harnik, Ivan"]
[Black "Rokvic, Vlado"]
[Result "1/2-1/2"]
[WhiteElo "1938"]
[BlackElo "1987"]
[PlyCount "26"]
[EventDate "2006.05.21"]
[EventType "team"]
[EventRounds "9"]
[EventCountry "SLO"]
[SourceTitle "EXT 2008"]
[Source "ChessBase"]
[SourceDate "2007.11.25"]
[SourceVersion "1"]
[SourceVersionDate "2007.11.25"]
[SourceQuality "1"]

1. e4 c5 2. c3 d5 3. exd5 Qxd5 4. c4 Qd8 5. Nc3 Nc6 6. Nf3 Nf6 7. Be2 e6 8. 0-0 Be7 9. d3 0-0 10. h3 a6 11. Bf4 Bd6 12. Bg5 h6 13. Bh4 g5 1/2-1/2

[Event "SLO-chT2 East"]
[Site "Velenje"]
[Date "2006.09.18"]
[Round "5"]
[White "Kusic, Dalibor"]
[Black "Harnik, Ivan"]
[Result "1/2-1/2"]
[WhiteElo "1941"]
[BlackElo "1938"]
[PlyCount "36"]
[EventDate "2006.05.21"]
[EventType "team"]
[EventRounds "9"]
[EventCountry "SLO"]
[SourceTitle "EXT 2008"]
[Source "ChessBase"]
[SourceDate "2007.11.25"]
[SourceVersion "1"]
[SourceVersionDate "2007.11.25"]
[SourceQuality "1"]

1. d4 Nf6 2. c4 e6 3. Nf3 d5 4. Nc3 Bb4 5. Bg5 0-0 6. Rc1 c6 7. e3 Be7 8. Bd3 h6 9. Bh4 Ng4 10. Bg3 f5 11. h3 Nf6 12. Ne5 Ne4 13. Bxe4 fxe4 14. Qg4 Bf6 15. 0-0 Bxe5 16. Bxe5 Qg5 17. Qxg5 hxg5 18. Bd6 Rf7 1/2-1/2

[Event "SLO-chT2 East"]
[Site "Velenje"]
[Date "2005.11.23"]
[Round "8"]
[White "Harnik, Ivan"]
[Black "Kovac, Mitja"]
[Result "0-1"]
[WhiteElo "1949"]
[BlackElo "2111"]
[PlyCount "107"]
[EventDate "2005.05.27"]
[EventType "team"]
[EventRounds "9"]
[EventCountry "SLO"]
[SourceTitle "EXT 2009"]
[Source "ChessBase"]
[SourceDate "2008.11.26"]
[SourceVersion "1"]
[SourceVersionDate "2008.11.26"]
[SourceQuality "1"]

1. e4 c5 2. Nf3 e6 3. d4 cxd4 4. Nxd4 Nc6 5. Nb3 Nf6 6. Nc3 Qc7 7. a3 a6 8. Bd3 Be7 9. 0-0 0-0 10. f4 d6 11. Qf3 Re8 12. Bd2 b5 13. g4 Bb7 14. g5 Nd7 15. Qg3 Bf8 16. f5 exf5 17. Rxf5 Nce5 18. Raf1 Re7 19. Nd5 Bxd5 20. exd5 Nb6 21. Ba5 Qb7 22. Bxb6 Qxb6+ 23. Kg2 Qb7 24. Be4 Nc4 25. R5f4 Rae8 26. Qd3 g6 27. Nd4 Rxe4 28. Rxe4 Rxe4 29. Qxe4 Nd2 30. Qd3 Nxf1 31. Nc6 Nxh2 32. Kxh2 Qd7 33. Qe4 Qf5 34. Qxf5 gxf5 35. Kg3 Kg7 36. b3 Kg6 37. Kf4 f6 38. gxf6 Kxf6 39. c4 bxc4 40. bxc4 h5 41. a4 Bh6+ 42. Kg3 Be3 43. Nb8 a5 44. Nc6 Bd2 45. Kh4 f4 46. Nd4 Be3 47. Nf3 Kf5 48. Kxh5 Ke4 49. Kg4 Kd3 50. Kf5 Kxc4 51. Ke6 Bc5 52. Kf5 Kxd5 53. Kxf4 Kc4 54. Nd2+ 0-1

[Event "SLO-chT2 East"]
[Site "Velenje"]
[Date "2005.11.23"]
[Round "9"]
[White "Rajkovic, Radisa"]
[Black "Harnik, Ivan"]
[Result "1/2-1/2"]
[WhiteElo "2064"]
[BlackElo "1949"]
[PlyCount "45"]
[EventDate "2005.05.27"]
[EventType "team"]
[EventRounds "9"]
[EventCountry "SLO"]
[SourceTitle "EXT 2009"]
[Source "ChessBase"]
[SourceDate "2008.11.26"]
[SourceVersion "1"]
[SourceVersionDate "2008.11.26"]
[SourceQuality "1"]

1. Nf3 Nf6 2. d4 d5 3. e3 Bf5 4. c4 c6 5. Nc3 e6 6. Qb3 Qc7 7. Bd2 Be7 8. Rc1 dxc4 9. Bxc4 0-0 10. 0-0 Nbd7 11. Rfe1 Ne4 12. Nxe4 Bxe4 13. Bd3 Nf6 14. Ne5 Bd6 15. f4 Bxd3 16. Qxd3 Qb6 17. Nc4 Qd8 18. e4 Bc7 19. e5 Nd5 20. Qe4 Rc8 21. Ne3 Bb6 22. Nc4 Bc7 23. Ne3 1/2-1/2

[Event "SLO-chT2 East"]
[Site "Velenje"]
[Date "2005.09.29"]
[Round "3"]
[White "Trebeznik, Luka"]
[Black "Harnik, Ivan"]
[Result "1-0"]
[WhiteElo "1841"]
[BlackElo "1949"]
[PlyCount "107"]
[EventDate "2005.05.27"]
[EventType "team"]
[EventRounds "9"]
[EventCountry "SLO"]
[SourceTitle "EXT 2009"]
[Source "ChessBase"]
[SourceDate "2008.11.26"]
[SourceVersion "1"]
[SourceVersionDate "2008.11.26"]
[SourceQuality "1"]

1. d4 Nf6 2. Nf3 d5 3. g3 Bg4 4. Bg2 e6 5. 0-0 Be7 6. c4 0-0 7. Nc3 Nc6 8. cxd5 exd5 9. Ne5 Bf5 10. Bg5 Ne4 11. Nxc6 bxc6 12. Nxe4 Bxg5 13. Nxg5 Qxg5 14. Rc1 Qg6 15. Qa4 Qh5 16. Bf3 Bg4 17. Bxg4 Qxg4 18. e3 Rab8 19. b3 Rb6 20. Rxc6 Qd7 21. Rfc1 Rxc6 22. Qxc6 Qxc6 23. Rxc6 Rc8 24. Ra6 Ra8 25. Ra5 Kf8 26. Rxd5 Ke7 27. f4 a5 28. a4 c6 29. Rc5 Kd6 30. Kf2 Rb8 31. Rxa5 Rxb3 32. h4 Ra3 33. Kf3 g6 34. Ra7 Ke6 35. a5 h5 36. Ke4 Ra1 37. a6 Kf6 38. Ra8 Ra4 39. Kf3 Ra3 40. a7 Ke7 41. Ke4 Kf6 42. Kf3 Ke7 43. g4 hxg4+ 44. Kxg4 Kf6 45. e4 Ra4 46. e5+ Kg7 47. h5 gxh5+ 48. Kxh5 Ra1 49. Kg5 Ra2 50. Kf5 Ra5 51. Ke4 Ra1 52. f5 Ra4 53. Kd3 Kh7 54. e6 1-0